|
|
|
|
| LEADER |
00763cam a2200217 a 4500 |
| 005 |
20200630112929.0 |
| 008 |
070424s2006 enk b 000 0 eng |
| 999 |
|
|
|c 4828
|d 4828
|
| 020 |
|
|
|a 9788131605479
|
| 082 |
|
|
|a 801.95
|b EAG
|
| 100 |
1 |
|
|a Eagleton, Terry,
|
| 245 |
1 |
0 |
|a Criticism and ideology :
|b a study in Marxist literary theory /
|c Terry Eagleton.
|
| 246 |
1 |
4 |
|a Criticism & ideology
|
| 250 |
|
|
|a New ed.
|
| 260 |
|
|
|a London :
|c 2006.
|b Verso,
|
| 300 |
|
|
|a 191p.
|
| 650 |
|
0 |
|a Marxist criticism.
|
| 650 |
|
0 |
|a Literature
|
| 650 |
|
0 |
|a Communism and literature.
|
| 942 |
|
|
|2 ddc
|c BK
|
| 952 |
|
|
|0 0
|1 0
|2 ddc
|4 0
|6 801_950000000000000_EAG
|7 0
|9 6803
|a MAIN
|b MAIN
|d 2013-12-27
|e Poorna Publications
|g 595.00
|l 6
|m 1
|o 801.95 EAG
|p 6976
|r 2020-02-24
|s 2020-01-21
|t 1
|w 2013-12-27
|y BK
|